China después de Mao

Saved in:
Bibliografiske detaljer
Format: Bog
Sprog:spansk
Udgivet: Beijing Beijing Informa 1984
Serier:China de Hoy. Sección Especial de Beijing Informa
Fag:
Tags: Tilføj Tag
Ingen Tags, Vær først til at tagge denne postø!

MARC

LEADER 00000nam a2200000 a 4500
001 UCZ8068
003 CL-VaPUC
008 960112e19840000CH |||||||||||||||||spa|d
082 0 4 |a 951  |b CHI  |2 21 
245 1 0 |a China después de Mao 
300 |a 225 p 
942 |c BK 
945 |d 19960112 00:00:00  |a cmena 
260 |a Beijing  |b Beijing Informa  |c 1984 
650 0 |a Historia  |9 255047 
650 0 |a Creencia Religiosa  |9 316904 
650 0 |a Doctrinas políticas  |9 255835 
650 0 |a Desarrollo económico y social   |9 256320 
650 0 |a Socialismo  |9 255260 
650 0 |a Cultura  |9 269059 
650 0 |a Economía   |9 255568 
651 0 |a China   |9 257545 
583 |a last modification  |c 19960112 00:00:00  |k Rodrigo Vera 
490 0 |a China de Hoy. Sección Especial de Beijing Informa 
999 |c 244028  |d 244026 
952 |0 0  |1 0  |4 0  |6 951_000000000000000_CHI_1984  |7 0  |8 A  |9 257939  |a BIBGIM  |b BIBGIM  |d 2019-11-19  |i 1614746  |o 951 CHI 1984  |p 1614746  |r 2025-01-15  |w 2019-11-19  |y BK  |k ORI